Les Chapitres de Harry Potter 1 - Statistiques

Statistiques générales
  • Ce quiz a été pris 1 384 fois
  • Le résultat moyen est 12 sur 17
Statistiques - réponses
Chapitre Réponse % Correct
5 Le chemin de traverse
84%
1 Le survivant
84%
7 Le choixpeau magique
73%
16 Sous la trappe
71%
12 Le miroir du Risèd
70%
13 Nicolas Flamel
69%
15 La forêt interdite
68%
4 Le gardien des clés
68%
17 L'homme aux deux visages
68%
14 Norbert le dragon
68%
10 Halloween
67%
8 Le maître des potions
66%
2 Une vitre disparaît
66%
6 Rendez-vous sur la voie 9 3/4
64%
11 Le match de quidditch
63%
9 Duel à minuit
62%
3 Les lettres de nulle part
58%
Aucun quiz correspondant
Distribution des résultats
% des personnes avec chaque résultat
Percentile par nombre de réponses
Votre historique - résultats
Vous n’avez pas pris ce quiz